| 000 | 00387nam a2200169Ia 4500 | ||
|---|---|---|---|
| 008 | 230524s9999 xx 000 0 und d | ||
| 020 | _a0074620312 | ||
| 082 |
_a541.3 _bBAR |
||
| 100 | _aG.M.Barrow | ||
| 245 | 0 | _aPhysical Chemistry | |
| 250 | _a5TH | ||
| 260 |
_aNEW DELHI _bTMH _c2003 |
||
| 300 | _aXVI;859 | ||
| 500 | _aQuantity Number: 50 | ||
| 650 | _aChemistry | ||
| 942 | _cBK | ||
| 999 |
_c19916 _d19916 |
||